Mnohoraké podoby pomoci podnikateľom Dobrovoľné poradenské služby pri rozvoji súkromného podnikania

Pôsobenie americkej nezávislej a neziskovej organizácie IESC (International Executive Service Corps) na Slovensku. Možnosti využívania tejto formy pomoci v slovenských podnikoch. Formy technickej a manažérskej pomoci podnikateľom a riadiacim pracovníkom. Organizovanie seminárov pre podnikateľov, kto...

Ausführliche Beschreibung

Gespeichert in:
Bibliographische Detailangaben
1. Verfasser: Polakovič, Ivan
Format: Buchkapitel
Sprache:Slowakisch
Schlagworte:
Tags: Tag hinzufügen
Keine Tags, Fügen Sie das erste Tag hinzu!

MARC

LEADER 00000naa a2200000 4500
001 r016555
005 20221213114132.9
041 0 |a slo 
044 |a SK 
245 1 0 |a Mnohoraké podoby pomoci podnikateľom  |b Dobrovoľné poradenské služby pri rozvoji súkromného podnikania  |c Ivan Polakovič 
520 |a Pôsobenie americkej nezávislej a neziskovej organizácie IESC (International Executive Service Corps) na Slovensku. Možnosti využívania tejto formy pomoci v slovenských podnikoch. Formy technickej a manažérskej pomoci podnikateľom a riadiacim pracovníkom. Organizovanie seminárov pre podnikateľov, ktorých cieľom je uplatniť sa na zahraničných trhoch. 
610 2 0 |a pomoc zahraničná 
610 2 0 |a IESC 
610 2 0 |a USA 
610 2 0 |a experti 
610 2 0 |a služby poradenské 
610 2 0 |a podnikatelia 
610 2 0 |a Slovensko 
610 2 0 |a podnikanie súkromné 
100 1 |a Polakovič, Ivan